000 00248nam a22000857a 4500
999 _c11443
_d11443
008 190524b ||||| |||| 00| 0 eng d
020 _a978938636187
100 _97170
_aKUMAR MANOJ
245 _aGREAT NATIONALISTOF INDIA BHARAT RATNA ALTAL BIHARI VAJPAYEE